[Event "BUL students championship"]
[Site "?"]
[Date "2011.11.02"]
[Round "1.3"]
[White "Vladimirova , Maria"]
[Black "Bojchev, Marian"]
[Result "0-1"]
[WhiteElo "1997"]
[BlackElo "2389"]
[PlyCount "46"]
[EventDate "2011.11.02"]
[SourceDate "2011.11.02"]

1. e4 d5 2. exd5 Qxd5 3. Nc3 Qd6 4. Bc4 Nf6 5. d3 a6 6. a4 e5 7. h3 Nc6 8. Nf3
Be6 9. Bxe6 Qxe6 10. O-O O-O-O 11. Re1 Bd6 12. Bd2 h6 13. Na2 g5 14. b4 g4 15.
b5 gxf3 16. bxc6 e4 17. cxb7+ Kb8 18. dxe4 Nxe4 19. Qxf3 Nxd2 20. Qh5 Qc4 21.
Qa5 Nf3+ 22. Kh1 Nxe1 23. Rxe1 Qf4 0-1

[Event "BUL students championship"]
[Site "?"]
[Date "2011.11.02"]
[Round "1.2"]
[White "Kukov, Velislav"]
[Black "Dimitrov, Alexander"]
[Result "1-0"]
[WhiteElo "2416"]
[BlackElo "2004"]
[PlyCount "64"]
[EventDate "2011.11.02"]
[SourceDate "2011.11.02"]

1. d4 Nf6 2. c4 e6 3. Nc3 Bb4 4. Bg5 d5 5. e3 O-O 6. Nf3 h6 7. Bh4 c5 8. cxd5
Qxd5 9. Bxf6 gxf6 10. Be2 cxd4 11. exd4 b6 12. O-O Bxc3 13. bxc3 Ba6 14. Bxa6
Nxa6 15. Qc1 Kg7 16. c4 Qa5 17. Re1 Rac8 18. Re4 h5 19. Re3 Qb4 20. Nd2 Rfd8
21. Rg3+ Kf8 22. Ne4 Rxd4 23. Qh6+ Ke8 24. Qxf6 Rxe4 25. Rg8+ Kd7 26. Qxf7+ Kd6
27. Rd1+ Rd4 28. Rxd4+ Kc5 29. Rxc8+ Kxd4 30. Qf4+ Kd3 31. Qe3+ Kc2 32. Qe2+
Kb1 1-0

[Event "BUL students championship"]
[Site "?"]
[Date "2011.11.02"]
[Round "1.6"]
[White "Ivanov, Stoyan Lubomirov"]
[Black "Stoyanov, Stefan"]
[Result "1-0"]
[WhiteElo "2280"]
[BlackElo "1821"]
[PlyCount "91"]
[EventDate "2011.11.02"]
[SourceDate "2011.11.02"]

1. c4 e5 2. Nc3 Nc6 3. g3 g6 4. Bg2 Bg7 5. d3 Nf6 6. Nf3 O-O 7. O-O d6 8. Rb1
Ne8 9. Nd5 Ne7 10. Bg5 f6 11. Be3 c6 12. Nxe7+ Qxe7 13. b4 f5 14. b5 Bd7 15.
Bg5 Nf6 16. bxc6 Bxc6 17. Qd2 Qd7 18. Ne1 Bxg2 19. Nxg2 d5 20. Bxf6 Bxf6 21.
cxd5 Qxd5 22. Ne3 Qd7 23. Qb4 Rf7 24. Qb3 a6 25. Nd5 Kg7 26. Nb6 Qd8 27. Nxa8
Qxa8 28. Qd5 Qd8 29. Qxd8 Bxd8 30. Rfc1 b6 31. Rc6 Rb7 32. Re6 e4 33. dxe4 fxe4
34. Rxe4 a5 35. Rd4 Be7 36. Rd5 Bb4 37. Rb5 Re7 38. e3 Bc5 39. Rc1 Rc7 40. Kf1
Kf6 41. Ke2 Ke6 42. Rcxc5 bxc5 43. Rxa5 Kd6 44. Kd3 Rb7 45. Ra6+ Ke5 46. e4 1-0

[Event "BUL students championship"]
[Site "?"]
[Date "2011.11.02"]
[Round "1.5"]
[White "Stanchev, Aleksandar"]
[Black "Janev, Tihomir"]
[Result "1/2-1/2"]
[WhiteElo "1881"]
[BlackElo "2366"]
[PlyCount "84"]
[EventDate "2011.11.02"]
[SourceDate "2011.11.02"]

1. Nf3 Nf6 2. g3 d5 3. Bg2 c5 4. O-O Nc6 5. d4 Bg4 6. dxc5 e6 7. Be3 Nd7 8. c4
dxc4 9. Qa4 Bxf3 10. Bxf3 Nde5 11. Bxc6+ Nxc6 12. Qxc4 Qd5 13. Qb5 O-O-O 14.
Nc3 Qf5 15. Rfd1 Be7 16. Qc4 h5 17. Qe4 Qh3 18. b4 Bf6 19. b5 Ne5 20. c6 Ng4
21. Bxa7 Qxh2+ 22. Kf1 Qh3+ 23. Kg1 Qh2+ 24. Kf1 b6 25. Bxb6 Bd4 26. Bxd4 Rxd4
27. Qg2 Rc4 28. Qxh2 Nxh2+ 29. Kg2 Ng4 30. Rdc1 h4 31. Nd1 h3+ 32. Kh1 Rxc1 33.
Rxc1 Rd8 34. Ne3 Nxf2+ 35. Kh2 Rd2 36. Nc4 Rxe2 37. Nd6+ Kc7 38. Ne8+ Kb6 39.
c7 f5 40. c8=Q Ng4+ 41. Kh1 Rh2+ 42. Kg1 Rg2+ 1/2-1/2

[Event "BUL students championship"]
[Site "?"]
[Date "2011.11.02"]
[Round "1.4"]
[White "Mladenov, Plamen"]
[Black "Toshev, Vladimir"]
[Result "1-0"]
[WhiteElo "2373"]
[BlackElo "1894"]
[PlyCount "77"]
[EventDate "2011.11.02"]
[SourceDate "2011.11.02"]

1. e4 e5 2. Bc4 Nf6 3. d3 c6 4. Nf3 Qc7 5. O-O Be7 6. Nbd2 O-O 7. c3 d5 8. Bb3
dxe4 9. dxe4 Rd8 10. Ng5 Rf8 11. Qe2 Bg4 12. Ngf3 Nbd7 13. h3 Bh5 14. g4 Bg6
15. Nh4 Nc5 16. Bc2 Ne6 17. Nf5 Bxf5 18. exf5 Nf4 19. Qf3 h6 20. Re1 Nh7 21.
Ne4 Ng5 22. Nxg5 Bxg5 23. Qg3 Rfe8 24. h4 Bf6 25. Kf1 Qd8 26. Bxf4 exf4 27.
Rxe8+ Qxe8 28. Qxf4 Bxh4 29. f6 Bg5 30. Qf3 Qe5 31. fxg7 Kxg7 32. Re1 Qh2 33.
Bb3 Qc7 34. Qf5 Rd8 35. Bc2 Qh2 36. Qh7+ Kf6 37. Qe4 Rd2 38. Qf5+ Kg7 39. Qh7+
1-0

[Event "BUL students championship"]
[Site "?"]
[Date "2011.11.02"]
[Round "1.1"]
[White "Kirov, Dimitar"]
[Black "Enchev, Ivajlo"]
[Result "0-1"]
[WhiteElo "2105"]
[BlackElo "2424"]
[PlyCount "80"]
[EventDate "2011.11.02"]
[SourceDate "2011.11.02"]

1. d4 Nf6 2. Bg5 Ne4 3. Bf4 d5 4. Nd2 Bf5 5. e3 e6 6. Ngf3 g5 7. Nxe4 gxf4 8.
Nc5 fxe3 9. fxe3 Bxc5 10. dxc5 Qf6 11. Qd4 Nd7 12. Bd3 Qxd4 13. exd4 Bxd3 14.
cxd3 f6 15. b4 Rg8 16. Kf2 O-O-O 17. b5 c6 18. Rhe1 Rge8 19. bxc6 bxc6 20. Nh4
Kc7 21. Kg1 e5 22. Nf5 Rb8 23. Ng7 Rg8 24. Ne6+ Kc8 25. Rab1 Rxb1 26. Rxb1 Rg6
27. h4 Rg4 28. h5 exd4 29. Kf2 Ne5 30. Rb3 Kd7 31. Ng7 Nxd3+ 32. Rxd3 Rxg7 33.
Rxd4 Ke6 34. Kf3 Ke5 35. Ra4 d4 36. h6 Rd7 37. Ke2 Kd5 38. Kd3 Kxc5 39. Rc4+
Kb6 40. Rc1 c5 0-1

[Event "BUL students championship"]
[Site "?"]
[Date "2011.11.02"]
[Round "1.8"]
[White "Andreev, Stanislav"]
[Black "Kalchev, Sava"]
[Result "1/2-1/2"]
[WhiteElo "2207"]
[BlackElo "1862"]
[PlyCount "103"]
[EventDate "2011.11.02"]
[SourceDate "2011.11.02"]

1. d4 d5 2. c4 c6 3. Nf3 Nf6 4. e3 e6 5. Bd3 dxc4 6. Bxc4 b5 7. Bd3 Nbd7 8. O-O
Bb7 9. e4 Be7 10. e5 Nd5 11. Nc3 Nxc3 12. bxc3 a6 13. a4 Nb6 14. a5 Nd5 15. Bd2
O-O 16. Qe2 c5 17. Qe4 g6 18. dxc5 Qd7 19. Qe2 Rfd8 20. Be4 Rac8 21. c4 bxc4
22. Qxc4 Bxc5 23. Qe2 Bc6 24. Rfc1 Bb5 25. Qe1 Qa7 26. h4 h5 27. Rc2 Kg7 28.
Bg5 Bb4 29. Qc1 Rxc2 30. Qxc2 Be7 31. Rc1 Bxg5 32. Nxg5 Qd4 33. Bxg6 Nf4 34.
Bxh5 Bd3 35. Qd1 Nxh5 36. Qxh5 Bg6 37. Qe2 Qxh4 38. Nf3 Qf4 39. Rc4 Qh6 40. Rc3
Bh5 41. Rd3 Qc1+ 42. Kh2 Rxd3 43. Qxd3 Qf4+ 44. Kg1 Qc1+ 45. Kh2 Qf4+ 46. Kh1
Bxf3 47. gxf3 Qh4+ 48. Kg2 Qg5+ 49. Kf1 Qc1+ 50. Kg2 Qg5+ 51. Kh3 Qh5+ 52. Kg2
1/2-1/2

[Event "BUL students championship"]
[Site "?"]
[Date "2011.11.02"]
[Round "1.7"]
[White "Krastev, Krasimir Naidenov"]
[Black "Vlashki, Nino"]
[Result "0-1"]
[WhiteElo "1804"]
[BlackElo "2252"]
[PlyCount "46"]
[EventDate "2011.11.02"]
[SourceDate "2011.11.02"]

1. d4 d5 2. c4 e6 3. Nc3 Nf6 4. cxd5 exd5 5. Bf4 c6 6. Nf3 Bd6 7. Bxd6 Qxd6 8.
Ne5 Ng4 9. Nxg4 Bxg4 10. f3 Bh5 11. Qb3 Qc7 12. e4 dxe4 13. Nxe4 O-O 14. Bd3
Qb6 15. Qc2 Na6 16. a3 Rad8 17. O-O-O Rxd4 18. Rhe1 Bg6 19. Bxa6 Rxd1+ 20. Rxd1
Qxa6 21. Qc5 h6 22. h4 Qe2 23. Ng3 Qxg2 0-1

[Event "BUL students championship"]
[Site "?"]
[Date "2011.11.03"]
[Round "2.3"]
[White "Bojchev, Marian"]
[Black "Kurtenkov, Alexander"]
[Result "1-0"]
[WhiteElo "2389"]
[BlackElo "2135"]
[PlyCount "81"]
[EventDate "2011.11.02"]
[SourceDate "2011.11.02"]

1. d4 f5 2. c4 Nf6 3. Nf3 e6 4. g3 d5 5. Bg2 Be7 6. O-O O-O 7. b3 c6 8. Ba3
Bxa3 9. Nxa3 Qe7 10. Nc2 Nbd7 11. Nce1 e5 12. dxe5 Nxe5 13. Nxe5 Qxe5 14. cxd5
Nxd5 15. Bxd5+ Qxd5 16. Qxd5+ cxd5 17. e3 b6 18. Nc2 Bb7 19. Nd4 Rac8 20. Rfc1
g6 21. Nb5 Rxc1+ 22. Rxc1 Rc8 23. Rxc8+ Bxc8 24. Nxa7 Bd7 25. a4 Kf7 26. Kf1
Ke6 27. Ke2 Kd6 28. Kd3 Kc5 29. Kc3 g5 30. f4 g4 31. b4+ Kd6 32. Kd4 Bxa4 33.
Nc8+ Kc6 34. Ne7+ Kb5 35. Kc3 Bd1 36. Nxf5 Kc6 37. Kd2 Bf3 38. Nd4+ Kd6 39.
Nxf3 gxf3 40. Ke1 Kc6 41. f5 1-0

[Event "BUL students championship"]
[Site "?"]
[Date "2011.11.03"]
[Round "2.2"]
[White "Vlashki, Nino"]
[Black "Kukov, Velislav"]
[Result "0-1"]
[WhiteElo "2252"]
[BlackElo "2416"]
[PlyCount "32"]
[EventDate "2011.11.02"]
[SourceDate "2011.11.02"]

1. d4 Nf6 2. c4 g6 3. Nc3 d5 4. Bg5 Ne4 5. Bh4 Nxc3 6. bxc3 Bg7 7. Qa4+ Bd7 8.
Qb3 dxc4 9. Qxb7 Nc6 10. Nf3 Rb8 11. Qa6 Rb2 12. e3 Qb8 13. Rc1 Rb6 14. Qa3 Bf8
15. Bxc4 e6 16. Qa4 Ne5 0-1

[Event "BUL students championship"]
[Site "?"]
[Date "2011.11.03"]
[Round "2.10"]
[White "Stoyanov, Stefan"]
[Black "Vladimirova, Maria"]
[Result "0-1"]
[WhiteElo "1821"]
[BlackElo "1997"]
[PlyCount "50"]
[EventDate "2011.11.02"]
[SourceDate "2011.11.02"]

1. e4 e5 2. Nf3 Nc6 3. Nc3 Nf6 4. g3 Bc5 5. Bg2 d6 6. h3 h6 7. O-O Be6 8. a3
Qd7 9. Kh2 O-O-O 10. d3 g5 11. Nd2 Rdg8 12. Na4 h5 13. Nxc5 dxc5 14. Nb3 Qe7
15. f4 gxf4 16. gxf4 h4 17. f5 Bxb3 18. cxb3 Nh5 19. f6 Qd7 20. Be3 Nd4 21. b4
Rg3 22. Bxd4 Qxd4 23. Rf3 Qxb2 24. Rxg3 hxg3+ 25. Kh1 Nf4 0-1

[Event "BUL students championship"]
[Site "?"]
[Date "2011.11.03"]
[Round "2.8"]
[White "Toshev, Vladimir"]
[Black "Kirov, Dimitar"]
[Result "0-1"]
[WhiteElo "1894"]
[BlackElo "2105"]
[PlyCount "40"]
[EventDate "2011.11.02"]
[SourceDate "2011.11.02"]

1. e4 c6 2. d4 d5 3. e5 Bf5 4. Nc3 e6 5. g4 Bg6 6. h4 h5 7. g5 a6 8. Nge2 c5 9.
Nf4 Ne7 10. Be3 Nbc6 11. Nfe2 Nf5 12. Qd2 Rc8 13. O-O-O b5 14. Bg2 b4 15. Na4
cxd4 16. Bf4 d3 17. Ng3 Ncd4 18. c3 Nxg3 19. fxg3 Ne2+ 20. Kb1 Qa5 0-1

[Event "BUL students championship"]
[Site "?"]
[Date "2011.11.03"]
[Round "2.1"]
[White "Enchev, Ivajlo"]
[Black "Ivanov, Stojan Lubomirov"]
[Result "1/2-1/2"]
[WhiteElo "2424"]
[BlackElo "2280"]
[PlyCount "70"]
[EventDate "2011.11.02"]
[SourceDate "2011.11.02"]

1. d4 Nf6 2. Nf3 e6 3. Bg5 c5 4. e3 Be7 5. c4 d5 6. dxc5 Qa5+ 7. Nc3 dxc4 8.
Bxc4 Qxc5 9. Qd4 Qxd4 10. Nxd4 a6 11. Be2 Bd7 12. Bf3 Nc6 13. Nxc6 Bxc6 14.
Bxc6+ bxc6 15. Rc1 Rb8 16. Na4 Nd5 17. Bxe7 Kxe7 18. Ke2 Rhc8 19. Rc4 Nb4 20.
a3 Nd5 21. Rhc1 Nb6 22. Nxb6 Rxb6 23. b4 a5 24. bxa5 Ra6 25. Rc5 Rca8 26. Rxc6
Rxa5 27. Rc7+ Kf6 28. R1c4 g5 29. h4 h6 30. hxg5+ hxg5 31. Rb4 Rxa3 32. Rbb7
Rf8 33. g4 Ra4 34. Kf3 Raa8 35. Kg3 Rac8 1/2-1/2

[Event "BUL students championship"]
[Site "?"]
[Date "2011.11.03"]
[Round "2.9"]
[White "Dimitrov, Alexander"]
[Black "Krastev, Krasimir Naidenov"]
[Result "1-0"]
[WhiteElo "2004"]
[BlackElo "1804"]
[PlyCount "57"]
[EventDate "2011.11.02"]
[SourceDate "2011.11.02"]

1. e4 e6 2. d4 d5 3. e5 c5 4. c3 Nc6 5. f4 a6 6. Nf3 b5 7. Be3 c4 8. Nbd2 b4 9.
g4 Rb8 10. Bh3 Bd7 11. O-O Na7 12. f5 h6 13. Qc2 Qa5 14. g5 bxc3 15. fxe6 fxe6
16. bxc3 Ne7 17. Nh4 Ba4 18. Qc1 Kd7 19. Rf7 Nb5 20. Ng6 Rg8 21. Qf1 Qxc3 22.
Re1 Nxd4 23. Nxf8+ Rgxf8 24. Rxf8 Rxf8 25. Qxf8 Nc2 26. Bc5 Nxe1 27. Qxe7+ Kc8
28. Bxe6+ Kb8 29. Qa7# 1-0

[Event "BUL students championship"]
[Site "?"]
[Date "2011.11.03"]
[Round "2.6"]
[White "Kalchev, Sava"]
[Black "Stanchev, Aleksandar"]
[Result "1-0"]
[WhiteElo "1682"]
[BlackElo "1881"]
[PlyCount "75"]
[EventDate "2011.11.02"]
[SourceDate "2011.11.02"]

1. e4 d5 2. exd5 Qxd5 3. Nc3 Qd6 4. d4 c6 5. Bc4 Nf6 6. h3 Bf5 7. Nf3 Nbd7 8.
Be3 e6 9. O-O Qc7 10. Qd2 Bd6 11. Rfe1 O-O 12. Nh4 Rfe8 13. Nxf5 exf5 14. f3
Nh5 15. Ne2 Re7 16. Bg5 Ndf6 17. Bd3 Rae8 18. Bxf6 Bh2+ 19. Kh1 Rxe2 20. Rxe2
Rxe2 21. Qxe2 gxf6 22. Qe8+ Kg7 23. g4 Qg3 24. Qe2 Nf4 25. Qd2 Qxh3 26. Bf1
Qxf3+ 27. Kxh2 fxg4 28. Bg2 g3+ 29. Kh1 Qh5+ 30. Kg1 Qh2+ 31. Kf1 Nh3 32. Qe3
Ng5 33. Rd1 h5 34. Rd3 h4 35. Qg1 h3 36. Qxh2 gxh2 37. Bh1 f5 38. Rd2 1-0

[Event "BUL students championship"]
[Site "?"]
[Date "2011.11.03"]
[Round "2.6"]
[White "Nachev, Nasko"]
[Black "Andreev, Stanislav"]
[Result "0-1"]
[WhiteElo "2182"]
[BlackElo "2207"]
[PlyCount "60"]
[EventDate "2011.11.02"]
[SourceDate "2011.11.02"]

1. d4 Nf6 2. Bg5 c5 3. Bxf6 gxf6 4. d5 d6 5. c4 f5 6. Nc3 Bg7 7. Qc2 Qa5 8. Rc1
Na6 9. a3 Nc7 10. e3 a6 11. Nf3 b5 12. Nd2 Qb6 13. Bd3 e6 14. O-O Bd7 15. cxb5
axb5 16. a4 c4 17. dxe6 fxe6 18. Nxb5 Bxb5 19. axb5 d5 20. Be2 Nxb5 21. b3 c3
22. Nb1 Na3 23. Qd3 Nxb1 24. Rxb1 O-O 25. b4 Ra2 26. Qb5 Qd6 27. Bf3 Rb8 28.
Qc5 Qxc5 29. bxc5 Rxb1 30. Rxb1 c2 0-1

[Event "BUL students championship"]
[Site "?"]
[Date "2011.11.04"]
[Round "3.2"]
[White "Mladenov, Plamen"]
[Black "Enchev, Ivajlo"]
[Result "1/2-1/2"]
[WhiteElo "2373"]
[BlackElo "2424"]
[PlyCount "61"]
[EventDate "2011.11.02"]
[SourceDate "2011.11.02"]

1. d4 Nf6 2. c4 e6 3. Nc3 c5 4. d5 exd5 5. cxd5 d6 6. g3 g6 7. Bg2 Bg7 8. Nf3
O-O 9. O-O a6 10. a4 Re8 11. Nd2 Nbd7 12. h3 Rb8 13. a5 b5 14. axb6 Nxb6 15.
Re1 Nfd7 16. Nde4 Ne5 17. Bg5 f6 18. Bc1 h6 19. f4 Nec4 20. Qd3 f5 21. Nf2 Qf6
22. e3 a5 23. Nfd1 Ba6 24. Qc2 a4 25. Nxa4 Bb7 26. Ndc3 Qf7 27. Nxb6 Nxb6 28.
Rd1 Bxc3 29. Qxc3 Bxd5 30. Bxd5 Nxd5 31. Qd3 1/2-1/2

[Event "BUL students championship"]
[Site "?"]
[Date "2011.11.04"]
[Round "3.3"]
[White "Andreev, Stanislav"]
[Black "Janev, Tihomir"]
[Result "0-1"]
[WhiteElo "2207"]
[BlackElo "2366"]
[PlyCount "78"]
[EventDate "2011.11.02"]
[SourceDate "2011.11.02"]

1. e4 e6 2. d4 d5 3. e5 c5 4. c3 Nc6 5. Nf3 Qb6 6. Be2 Nh6 7. Qb3 Na5 8. Qd1
cxd4 9. Nxd4 Nc6 10. Nxc6 bxc6 11. O-O Nf5 12. b3 Qc7 13. g4 Nh4 14. f4 Bc5+
15. Kh1 h5 16. gxh5 Bb7 17. Ba3 Be3 18. Qe1 Nf5 19. Bc1 Bb6 20. Bf3 O-O-O 21.
Na3 c5 22. Nb5 Qd7 23. Nd6+ Nxd6 24. exd6 Qxd6 25. Qg3 d4 26. cxd4 cxd4 27. Bd2
Bxf3+ 28. Qxf3 Qd5 29. Rac1+ Kb7 30. Rce1 Rxh5 31. Re5 Qxf3+ 32. Rxf3 Rdh8 33.
Rxh5 Rxh5 34. Kg2 Kc6 35. b4 Kd5 36. a4 Bc7 37. h3 Ke4 38. b5 Rc5 39. Kg3 Rc2
0-1

[Event "BUL students championship"]
[Site "?"]
[Date "2011.11.04"]
[Round "3.4"]
[White "Ivanov, Stojan Lubomirov"]
[Black "Kalchev, Sava"]
[Result "1-0"]
[WhiteElo "2280"]
[BlackElo "1862"]
[PlyCount "69"]
[EventDate "2011.11.02"]
[SourceDate "2011.11.02"]

1. d4 Nf6 2. Bg5 Ne4 3. Bf4 d5 4. Nd2 c5 5. e3 Nxd2 6. Qxd2 Nc6 7. Nf3 Bf5 8.
Be2 e6 9. O-O c4 10. b3 b5 11. a4 a6 12. axb5 axb5 13. bxc4 bxc4 14. Rxa8 Qxa8
15. Nh4 Bg6 16. Nxg6 hxg6 17. e4 Be7 18. exd5 exd5 19. Bf3 Nd8 20. Bg5 f6 21.
Re1 Kf7 22. Be3 Bd6 23. Bf4 Bxf4 24. Qxf4 Ne6 25. Qd6 Re8 26. Bxd5 Qc8 27. h4
f5 28. Kh2 Kf6 29. Rxe6+ Rxe6 30. Bxe6 Qxe6 31. Qf8+ Qf7 32. Qxf7+ Kxf7 33. Kg3
Ke6 34. Kf4 Kd5 35. c3 1-0

[Event "BUL students championship"]
[Site "?"]
[Date "2011.11.04"]
[Round "3.10"]
[White "Krastev, Krasimir Naidenov"]
[Black "Nachev, Nasko"]
[Result "0-1"]
[WhiteElo "1804"]
[BlackElo "2182"]
[PlyCount "82"]
[EventDate "2011.11.02"]
[SourceDate "2011.11.02"]

1. Nf3 Nf6 2. g3 d5 3. Bg2 c5 4. O-O g6 5. d3 Bg7 6. Nbd2 O-O 7. e4 Nc6 8. exd5
Nxd5 9. Ne4 b6 10. c3 Nc7 11. Ne1 Bb7 12. Qa4 Ne6 13. f4 f5 14. Qb3 Qc8 15. Ng5
Rf6 16. Nxe6 Rxe6 17. Bd5 Nd8 18. Bxe6+ Qxe6 19. Qxe6+ Nxe6 20. Be3 Rd8 21. Rd1
b5 22. Nf3 a5 23. Ne5 Bxe5 24. fxe5 Rd5 25. d4 c4 26. b3 Rd7 27. bxc4 bxc4 28.
Rb1 Be4 29. Rb5 Nc7 30. Rxa5 Nd5 31. Bd2 Rb7 32. Re1 e6 33. Rxe4 fxe4 34. a4
Rb1+ 35. Kf2 Rb2 36. Ke1 e3 37. Bc1 Rb1 38. Kd1 e2+ 39. Kxe2 Rxc1 40. Ra8+ Kf7
41. a5 Rxc3 0-1

[Event "BUL students championship"]
[Site "?"]
[Date "2011.11.04"]
[Round "3.1"]
[White "Kukov, Velislav"]
[Black "Bojchev, Marian"]
[Result "1/2-1/2"]
[WhiteElo "2416"]
[BlackElo "2389"]
[PlyCount "90"]
[EventDate "2011.11.02"]
[SourceDate "2011.11.02"]

1. d4 d5 2. c4 e6 3. Nc3 c6 4. e3 Nf6 5. Nf3 Nbd7 6. Bd3 Be7 7. O-O O-O 8. e4
dxe4 9. Nxe4 Nxe4 10. Bxe4 Nf6 11. Bc2 b6 12. Bg5 Bb7 13. Qd3 g6 14. Bh6 Re8
15. Ne5 Nd7 16. Nf3 Qc7 17. Rad1 Rad8 18. Qc3 Bf6 19. Bg5 Bxg5 20. Nxg5 e5 21.
dxe5 Qxe5 22. Ne4 Qxc3 23. bxc3 Re6 24. Rd2 Bc8 25. f3 Rf8 26. Nd6 Nc5 27. Be4
Bd7 28. Rfd1 f5 29. Bc2 Re7 30. Nb7 Nxb7 31. Rxd7 Rxd7 32. Rxd7 Rf7 33. Rd2 Rc7
34. h4 Kf7 35. g4 Kf6 36. Kf2 Nc5 37. g5+ Ke7 38. Ke3 Rd7 39. Rxd7+ Nxd7 40. h5
Ne5 41. c5 bxc5 42. h6 Nc4+ 43. Kf4 Nb6 44. Ke5 Nc4+ 45. Kf4 Nb6 1/2-1/2

[Event "BUL students championship"]
[Site "?"]
[Date "2011.11.04"]
[Round "3.5"]
[White "Vladimirova, Maria"]
[Black "Vlashki, Nino"]
[Result "0-1"]
[WhiteElo "1997"]
[BlackElo "2252"]
[PlyCount "80"]
[EventDate "2011.11.02"]
[SourceDate "2011.11.02"]

1. d4 Nf6 2. Nf3 e6 3. Bg5 c5 4. c4 cxd4 5. Nxd4 Qa5+ 6. Bd2 Qb6 7. Nb3 Ne4 8.
e3 Nxd2 9. Qxd2 Qc7 10. Nc3 a6 11. Bd3 Nc6 12. f4 b6 13. O-O Bb7 14. e4 Be7 15.
Rad1 f6 16. Kh1 O-O 17. Qe2 Rac8 18. a3 Na5 19. Nxa5 bxa5 20. Qg4 Qb6 21. Rd2
Qe3 22. Rfd1 Bd6 23. Ne2 Bc6 24. Bc2 Bc5 25. Ng3 Ba7 26. Re2 Qc5 27. Bd3 Rb8
28. Nh5 Qe7 29. Bb1 Rf7 30. Ba2 Qc5 31. f5 Ba4 32. fxe6 dxe6 33. b3 Bd7 34.
Red2 Rb7 35. Ng3 Qxa3 36. Ne2 Be3 37. Rc2 a4 38. bxa4 Qxa4 39. Nd4 Bxd4 40. Qe2
Bc5 0-1

[Event "BUL students championship"]
[Site "?"]
[Date "2011.11.04"]
[Round "3.9"]
[White "Stanchev, Aleksandar"]
[Black "Toshev, Vladimir"]
[Result "0-1"]
[WhiteElo "1881"]
[BlackElo "1894"]
[PlyCount "86"]
[EventDate "2011.11.02"]
[SourceDate "2011.11.02"]

1. d4 Nf6 2. c4 g6 3. Nc3 d5 4. cxd5 Nxd5 5. Bd2 Bg7 6. e4 Nxc3 7. Bxc3 O-O 8.
Bc4 c5 9. d5 Bxc3+ 10. bxc3 Nd7 11. Ne2 Ne5 12. Bd3 e6 13. Bc2 exd5 14. exd5
Bg4 15. f3 Nxf3+ 16. gxf3 Bxf3 17. Rf1 Qh4+ 18. Rf2 Rfe8 19. Kf1 Qh3+ 20. Ke1
Bxe2 21. Rxe2 Qxc3+ 22. Kf1 Rxe2 23. Kxe2 Re8+ 24. Kf1 Qh3+ 25. Kg1 Re5 26. Kh1
Rh5 27. Qd2 Qf3+ 28. Qg2 Qxg2+ 29. Kxg2 Rxd5 30. Rd1 Rxd1 31. Bxd1 f5 32. Kf3
Kg7 33. Ke3 Kf6 34. Kd3 Ke5 35. Be2 b6 36. a4 g5 37. Bf3 g4 38. Bd1 Kf4 39. Kc4
h5 40. Kb5 h4 41. Bb3 g3 42. Bd5 gxh2 43. Ka6 c4 0-1

[Event "BUL students championship"]
[Site "?"]
[Date "2011.11.05"]
[Round "4.2"]
[White "Bojchev, Marian"]
[Black "Mladenov, Plamen"]
[Result "1/2-1/2"]
[WhiteElo "2389"]
[BlackElo "2373"]
[PlyCount "44"]
[EventDate "2011.11.02"]
[SourceDate "2011.11.02"]

1. d4 Nf6 2. c4 e6 3. g3 c5 4. d5 exd5 5. cxd5 d6 6. Nc3 g6 7. Bg2 Bg7 8. e4
O-O 9. Nge2 a6 10. a4 Re8 11. O-O Nbd7 12. Rb1 c4 13. Be3 Qc7 14. b4 cxb3 15.
Rxb3 Nc5 16. Rb4 Nfd7 17. Qb1 Ne5 18. h3 Ned3 19. Rc4 Ne5 20. Rb4 Ned3 21. Rc4
Ne5 22. Rb4 Ned3 1/2-1/2

[Event "BUL students championship"]
[Site "?"]
[Date "2011.11.05"]
[Round "4.7"]
[White "Kalchev, Sava"]
[Black "Vladimirova, Maria"]
[Result "1-0"]
[WhiteElo "1682"]
[BlackElo "1997"]
[PlyCount "51"]
[EventDate "2011.11.02"]
[SourceDate "2011.11.02"]

1. d4 Nf6 2. c4 e6 3. Nc3 c5 4. d5 exd5 5. cxd5 d6 6. e4 g6 7. f4 Bg7 8. Bb5+
Bd7 9. Bxd7+ Nbxd7 10. Nf3 O-O 11. O-O Re8 12. Re1 a6 13. a4 b6 14. h3 Qc7 15.
e5 dxe5 16. d6 Qc6 17. fxe5 Nh5 18. Nd5 Bf8 19. Nc7 Ng7 20. Nxa8 Qxa8 21. Bh6
Qc6 22. Rc1 Ne6 23. Bxf8 Kxf8 24. b3 Nf4 25. Qd2 Nxh3+ 26. Kh2 1-0

[Event "BUL students championship"]
[Site "?"]
[Date "2011.11.05"]
[Round "4.4"]
[White "Enchev, Ivajlo"]
[Black "Kurtenkov, Alexander"]
[Result "1-0"]
[WhiteElo "2424"]
[BlackElo "2135"]
[PlyCount "57"]
[EventDate "2011.11.02"]
[SourceDate "2011.11.02"]

1. Nf3 Nf6 2. g3 d5 3. Bg2 c5 4. c4 Nc6 5. cxd5 Nxd5 6. Nc3 Nxc3 7. bxc3 e6 8.
O-O Be7 9. d4 cxd4 10. cxd4 O-O 11. e4 Bf6 12. Be3 b6 13. Rc1 Bb7 14. Qa4 Qd7
15. d5 exd5 16. exd5 Ne5 17. Qxd7 Nxd7 18. Rc7 Bc8 19. d6 Bd8 20. Nd4 Bxc7 21.
dxc7 Ba6 22. Bxa8 Rxa8 23. Rd1 Rc8 24. Bf4 g5 25. Nf5 gxf4 26. Rxd7 Rf8 27. Rd8
fxg3 28. fxg3 b5 29. Kf2 1-0

[Event "BUL students championship"]
[Site "?"]
[Date "2011.11.05"]
[Round "4.1"]
[White "Janev, Tihomir"]
[Black "Kukov, Velislav"]
[Result "1-0"]
[WhiteElo "2366"]
[BlackElo "2416"]
[PlyCount "71"]
[EventDate "2011.11.02"]
[SourceDate "2011.11.02"]

1. e4 e5 2. Nf3 Nc6 3. d4 exd4 4. Nxd4 Bc5 5. Nxc6 Qf6 6. Qf3 Qxf3 7. gxf3 dxc6
8. Be3 Bxe3 9. fxe3 Ne7 10. Bc4 Be6 11. Bxe6 fxe6 12. Nd2 c5 13. Ke2 Nc6 14.
Rag1 Kf7 15. Rg5 b6 16. Rhg1 Rag8 17. f4 h6 18. Rg6 Ne7 19. R6g3 g5 20. Nf3
gxf4 21. Ne5+ Kf8 22. exf4 Rxg3 23. hxg3 Rg8 24. Kf3 Nc8 25. g4 Kg7 26. f5 Rd8
27. Nd3 c4 28. Nf4 Rd2 29. Nxe6+ Kf6 30. Re1 Rxc2 31. e5+ Ke7 32. Nxc7 Rxb2 33.
f6+ Kf7 34. Rd1 c3 35. Rd7+ Kg8 36. f7+ 1-0

[Event "BUL students championship"]
[Site "?"]
[Date "2011.11.05"]
[Round "4.3"]
[White "Vlashki, Nino"]
[Black "Ivanov, Stojan Lubomirov"]
[Result "1/2-1/2"]
[WhiteElo "2252"]
[BlackElo "2280"]
[PlyCount "88"]
[EventDate "2011.11.02"]
[SourceDate "2011.11.02"]

1. e4 d6 2. d4 Nf6 3. Nc3 g6 4. Nf3 Bg7 5. h3 O-O 6. Be3 c6 7. a4 b6 8. Be2 Bb7
9. O-O c5 10. d5 Na6 11. a5 bxa5 12. Nd2 e6 13. Nc4 exd5 14. Nxa5 Bc8 15. Bxa6
Bxa6 16. Nc6 Qb6 17. Ne7+ Kh8 18. Nexd5 Nxd5 19. Nxd5 Qb7 20. Re1 Bc4 21. Bf4
f5 22. Ne3 Qxe4 23. Bxd6 Rfd8 24. Ra4 Qc6 25. Rxc4 Rxd6 26. Qb1 Rb8 27. b3 Qb5
28. Ra4 Rd7 29. Qa2 Bc3 30. Rd1 Rxd1+ 31. Nxd1 Bd4 32. Nb2 Qe2 33. Nd3 Rb7 34.
Qb1 Re7 35. Qc1 Kg7 36. Rc4 h6 37. Qf4 Qd1+ 38. Kh2 Qxd3 39. cxd3 Be5 40. Kg3
Bxf4+ 41. Kxf4 Rb7 42. Rxc5 Rxb3 43. Rc7+ Kf6 44. Rc6+ Kf7 1/2-1/2

[Event "BUL students championship"]
[Site "?"]
[Date "2011.11.05"]
[Round "4.5"]
[White "Dimitrov, Alexander"]
[Black "Kirov, Dimitar"]
[Result "1-0"]
[WhiteElo "2004"]
[BlackElo "2105"]
[PlyCount "71"]
[EventDate "2011.11.02"]
[SourceDate "2011.11.02"]

1. c4 c5 2. Nc3 Nf6 3. Nf3 Nc6 4. d4 cxd4 5. Nxd4 g6 6. e4 d6 7. Be2 Bg7 8. Be3
O-O 9. O-O Bd7 10. Qd2 Ng4 11. Bxg4 Bxg4 12. f3 Bd7 13. Nd5 Rc8 14. Rac1 Re8
15. Nb5 Ne5 16. b3 Bxb5 17. cxb5 Rxc1 18. Rxc1 e6 19. Nf4 Qd7 20. a4 a6 21. b6
Nc6 22. b4 Rd8 23. Nd3 d5 24. Nc5 Qe7 25. exd5 Rxd5 26. Qe1 h5 27. Qg3 Be5 28.
f4 Bb2 29. Rb1 Bd4 30. Bxd4 Nxd4 31. Qd3 Nf5 32. Qc3 Rd4 33. g3 Rd5 34. Ne4 Nd4
35. Qc7 Rd7 36. Qxd7 1-0